000 00683nam a2200217Ia 4500
003 IN-BaIIA
008 211028s9999 xx 000 0 eng d
020 _a0-87590-976-0
040 _cIIA Library
080 _a551.510.5
_bOHT
245 0 _aMagnetospheric current systems
_cedited by Shin-ichi Ohtani….[et al.]
260 _aWashington, D. C.
_bAmerican Geophysical Union
_c2000
300 _axi, 401p.
490 _aGeophysics monograph; 118
650 _aMagnetospheric currents - congresses
_925232
700 _aFujii, R., ed.
_925233
700 _aHesse, M., ed.
_925234
700 _aLysak, R. L., ed.
_925235
700 _aOhtani, Shin-ichi, ed.
_925236
942 _cBK
999 _c14268
_d14268